000 00487nam a22001817a 4500
005 20251108164853.0
008 250721s1996 xx 000 0 ara d
082 1 4 _a641.5/عزي
100 1 _aدرويش، عزيزة
245 1 0 _aأطباق هندية /
264 1 _aبيروت :
_bعالم الكتب،
_c1996.
300 _a40ص
490 0 _aسلسلة كتاب الطبخ
650 1 7 _aالطبخ
650 1 7 _aعمليات الطبخ
942 _2ddc
_cBK
999 _c16322
_d16322